000 00353nam a2200145Ia 4500
008 221030s9999 xx 000 0 und d
020 _a8175156180
041 _aEnglish
100 _aE. M. Awad
245 0 _aSystem Analysis & Design
_cby E. M. Awad
260 _bGalgotia Pub
_aNew Delhi
_c2015
300 _a524
650 _aComputers
942 _cBK
999 _c15845
_d15845